000 00492nam a2200205Ia 4500
003 OSt
005 20240307044248.0
008 210327s9999||||xx |||||||||||||| ||und||
040 _cSTCPL
041 _aENG
082 _a823
_bWIL-W
100 _aCollins, Wilkie
245 4 _aThe woman in white /
_cby Wilkie Collins
260 _aNew york :
_bPenguin books ,
_c1974 .
300 _a 648 p.
_bPB
650 _aEnglish literature
650 _aFiction
942 _cBK
942 _2ddc
999 _c24759
_d24759